| Tag |
First Indicator |
Second Indicator |
Subfields |
| LEADER |
00000cam a2200000 4500 |
| 001 |
in00003842467 |
| 005 |
20190415183455.0 |
| 006 |
m o d |
| 007 |
cr |n||||||||n |
| 008 |
921207s1748 ie |||| o 00||||eng c |
| 035 |
|
|
|a (CU-RivES)N48944
|
| 035 |
|
|
|a (Uk-ES)006042529
|
| 035 |
|
|
|a (OCoLC)508226839
|
| 040 |
|
|
|a CU-RivES
|c CU-RivES
|d CStRLIN
|d Cengage Gale
|d UtOrBLW
|
| 050 |
|
4 |
|a AC4
|b .I536 1748
|
| 110 |
2 |
|
|a Incorporated Society in Dublin for Promoting English Protestant Schools in Ireland.
|0 http://id.loc.gov/authorities/names/no89019305
|
| 245 |
1 |
2 |
|a A brief review of the rise and progress of the Incorporated Society in Dublin, for promoting English Protestant schools in Ireland :
|b From the opening of His Majesty's Royal Charter, February 6th. 1733. to November 2d. 1748.
|
| 264 |
|
3 |
|a Dublin :
|b Printed by George Grierson, printer to the King's Most Excellent Majesty, at the King's Arms and Two Bibles in Essex-Stree,
|c 1748.
|
| 300 |
|
|
|a 1 online resource (17, 1 unnumbered pages)
|
| 336 |
|
|
|a text
|b txt
|2 rdacontent
|
| 337 |
|
|
|a computer
|b c
|2 rdamedia
|
| 338 |
|
|
|a online resource
|b cr
|2 rdacarrier
|
| 510 |
4 |
|
|a English Short Title Catalog,
|c N48944.
|
| 500 |
|
|
|a Reproduction of original from National Library of Ireland.
|
| 500 |
|
|
|a Electronic resource.
|
| 650 |
|
0 |
|a Protestants
|v Early works to 1800.
|
| 655 |
|
7 |
|a Electronic books.
|2 local
|
| 710 |
2 |
|
|a Gale (Firm)
|0 http://id.loc.gov/authorities/names/no2008071348
|
| 752 |
|
|
|a Ireland
|d Dublin.
|
| 856 |
4 |
0 |
|u http://proxy.library.tamu.edu/login?url=http://find.galegroup.com/ecco/infomark.do?contentSet=ECCOArticles&docType=ECCOArticles&bookId=1463901600&type=getFullCitation&tabID=T001&prodId=ECCO&docLevel=TEXT_GRAPHICS&version=1.0&source=library&userGroupName=txshracd2898
|z Connect to the full text of this electronic book
|t 0
|
| 999 |
f |
f |
|s 43bd1562-8215-3f26-a348-e05af170c13f
|i 127f8309-a8f4-3056-bbca-ad75dbbfb471
|t 0
|
| 952 |
f |
f |
|a Texas A&M University
|b College Station
|c Electronic Resources
|d Available Online
|t 0
|e AC4 .I536 1748
|h Library of Congress classification
|
| 998 |
f |
f |
|a AC4 .I536 1748
|t 0
|l Available Online
|